| 000 | 00497nam a2200205Ia 4500 | ||
|---|---|---|---|
| 003 | OSt | ||
| 005 | 20240106101308.0 | ||
| 008 | 210210b1989 xxu||||| |||| 00| 0 eng d | ||
| 040 | _cAL | ||
| 041 | _aEnglish | ||
| 082 | _a541.3 PURP | ||
| 100 |
_aPURI (B R) & SHARMA (L R). _9147484 |
||
| 245 | _aPrinciples of physical chemistry | ||
| 250 | _a35 | ||
| 260 |
_aN D _bS. Nagin & Co _c1989 |
||
| 300 | _axii,1324 | ||
| 690 |
_aPhysical Chemistry _9147485 |
||
| 906 | _a048482 | ||
| 942 |
_2ddc _cBK |
||
| 999 |
_c97477 _d97477 |
||